000
00314nam a22001217a 4500
008
160421b xxu||||| |||| 00| 0 eng d
020
_a
9780803614864
020
_a
100803614861
041
_a
eng
080
_a
618.2
245
_a
Maternal child nursing care;
_c
Susan L. Ward and Shelton M. Hisley;
942
_2
udc
_c
BK
999
_c
1478
_d
1478